000
00270nam a22001217a 4500
020
_a
978-93-82515-19-7
082
_a
894.812
_b
JAY/T
100
_a
S, JAYAKUMARI
245
_a
THAYYAL PADANAM INI VEETTILUM
260
_a
THRISSUR
_b
H&C
650
_a
GK
_z
KERALA
942
_c
BK
999
_c
7128
_d
7128